| 000 | 00418nam a22001817a 4500 | ||
|---|---|---|---|
| 003 | MPLRDC | ||
| 005 | 20220104123821.0 | ||
| 008 | 210129b ||||| |||| 00| 0 eng d | ||
| 020 | _a962-7542-07-5 | ||
| 082 | _a947.412 LQ c.2 | ||
| 100 | _a龙潜编绘 | ||
| 245 |
_a竹林七贤 _c |
||
| 250 | _a初版 | ||
| 260 |
_a _b竹林出版社 _c1992 |
||
| 300 | _b平 | ||
| 650 | _a漫画 | ||
| 942 |
_cBK _o947.412 LQ c.2 |
||
| 999 |
_c14436 _d14426 |
||